[Event "Rated Blitz game"]
[Site "?"]
[Date "2021.02.20"]
[Round "?"]
[White "khrapov111"]
[Black "sloppydogg"]
[Result "0-1"]
[WhiteElo "2418"]
[BlackElo "2514"]
[PlyCount "78"]
[EventDate "2021.??.??"]
[EventType "blitz"]

1. e4 e5 2. Nf3 d5 3. exd5 Bd6 4. Nc3 Nf6 5. d4 e4 6. Ne5 O-O 7. Be2 Nbd7 8.
O-O Nxe5 9. dxe5 Bxe5 10. f4 Bxc3 11. bxc3 Qxd5 12. Qe1 Bg4 13. Be3 Bxe2 14.
Qxe2 Rad8 15. Rad1 Qc6 16. Rd4 Rxd4 17. Bxd4 Re8 18. Re1 Nd5 19. Qg4 f6 20. h4
Nxc3 21. h5 Nd5 22. h6 g6 23. c3 Nxc3 24. f5 g5 25. Bxc3 Qxc3 26. Rxe4 Rxe4 27.
Qxe4 Qc1+ 28. Kf2 Qf4+ 29. Qxf4 gxf4 30. Kf3 b5 31. Kxf4 a5 32. Ke4 b4 33. Kd5
a4 34. Kc4 c5 35. g4 Kf7 36. Kxc5 b3 37. a3 b2 38. Kc4 b1=Q 39. Kc3 Qb3+ {
Normal} 0-1

[Event "Rated Blitz game"]
[Site "?"]
[Date "2021.02.20"]
[Round "?"]
[White "Vardy99"]
[Black "pasha1984"]
[Result "0-1"]
[WhiteElo "2497"]
[BlackElo "2368"]
[PlyCount "150"]
[EventDate "2021.??.??"]
[EventType "blitz"]

1. e4 e5 2. Nf3 d5 3. exd5 e4 4. Nd4 Nf6 5. Nc3 Bc5 6. Nb3 Bb6 7. Bb5+ c6 8.
dxc6 bxc6 9. Be2 O-O 10. O-O Bf5 11. d4 exd3 12. Bxd3 Bxd3 13. Qxd3 Qxd3 14.
cxd3 Nbd7 15. Be3 Ne5 16. Rad1 Rad8 17. Nc1 Nd5 18. Nxd5 Rxd5 19. Rfe1 Rfd8 20.
Kf1 f6 21. h3 Kf7 22. Ke2 Ba5 23. Bd2 Bb6 24. Bc3 Bd4 25. f4 Ng6 26. g3 h5 27.
h4 Ne7 28. Nb3 Bb6 29. Rf1 Nf5 30. Rf3 Re8+ 31. Kd2 Re7 32. Re1 Rdd7 33. Rxe7+
Rxe7 34. d4 Re4 35. Kd3 Re7 36. a4 Nd6 37. a5 Bc7 38. Nc5 Nf5 39. Bb4 Bd6 40.
Na6 Bxb4 41. Nxb4 Rc7 42. Kc4 Ne7 43. b3 Rd7 44. Na6 Nd5 45. Nc5 Re7 46. b4
Ne3+ 47. Kd3 Nd5 48. Ne4 Nxb4+ 49. Ke3 Nd5+ 50. Kd3 f5 51. Nc5 Nb4+ 52. Kc4 Nd5
53. Na6 Re3 54. Nb4 Rxf3 55. Nxc6 Rxg3 56. Ne5+ Ke6 57. Kc5 Rc3+ 58. Nc4 Rxc4+
59. Kxc4 Ne3+ 60. Kc5 Ng2 61. d5+ Ke7 62. d6+ Kd7 63. Kd5 Nxf4+ 64. Ke5 Ng6+
65. Kxf5 Nxh4+ 66. Kg5 Nf3+ 67. Kxh5 Nd4 68. Kg6 Nc6 69. Kxg7 Kxd6 70. Kf6 Nxa5
71. Kf5 a6 72. Ke4 Kc6 73. Kd3 Kb5 74. Kc2 Nb7 75. Kb2 Nc5 {Time forfeit} 0-1

[Event "Rated Blitz game"]
[Site "?"]
[Date "2021.02.20"]
[Round "?"]
[White "ffl0"]
[Black "TajiriWWE"]
[Result "1-0"]
[WhiteElo "2485"]
[BlackElo "2483"]
[PlyCount "61"]
[EventDate "2021.??.??"]
[EventType "blitz"]

1. e4 e5 2. Nf3 d5 3. exd5 e4 4. Qe2 Nf6 5. d3 Qxd5 6. Nbd2 Nc6 7. Nxe4 Be7 8.
Nxf6+ gxf6 9. Qe4 Qh5 10. Qh4 Qg6 11. Qg3 Qxg3 12. hxg3 Be6 13. Bd2 O-O-O 14.
O-O-O Bc5 15. Be1 Bg4 16. c3 h5 17. d4 Bb6 18. Bc4 Rhf8 19. Bd2 Ne7 20. Bh6 Rh8
21. Bg7 Rh7 22. Bxf6 Rd7 23. Rde1 Bxf3 24. gxf3 Nc6 25. Re8+ Nd8 26. g4 c5 27.
d5 Rd6 28. Be7 Rg6 29. Bd3 h4 30. Bf5+ Kb8 31. Bxd8 {Normal} 1-0

[Event "Rated Blitz game"]
[Site "?"]
[Date "2021.02.20"]
[Round "?"]
[White "mountview64"]
[Black "ALJoNDro76"]
[Result "1-0"]
[WhiteElo "2395"]
[BlackElo "2403"]
[PlyCount "129"]
[EventDate "2021.??.??"]
[EventType "blitz"]

1. e4 e5 2. Nf3 d5 3. Nxe5 dxe4 4. d4 Bd6 5. Bc4 Bxe5 6. Qh5 Qe7 7. dxe5 Nc6 8.
Nc3 g6 9. Qe2 Nxe5 10. Nd5 Qd6 11. Bf4 Nf6 12. O-O-O Bf5 13. Ne3 Nd3+ 14. cxd3
Qxf4 15. dxe4 Qxe4 16. Nxf5 Qxe2 17. Bxe2 gxf5 18. Bf3 c6 19. Rhe1+ Kf8 20. Re5
f4 21. Rf5 Kg7 22. Rg5+ Kf8 23. Rf5 Kg7 24. Rd6 Ne8 25. Rd7 Nf6 26. Rxb7 Rhe8
27. Rxf4 a5 28. g4 h6 29. h4 Re5 30. Rc7 Rc5+ 31. Kd2 Rd8+ 32. Ke2 Rc2+ 33. Kf1
Rdd2 34. g5 Rxf2+ 35. Kg1 hxg5 36. hxg5 Nd5 37. Rfxf7+ Kg6 38. Bxd5 cxd5 39.
Rg7+ Kh5 40. Rh7+ Kg4 41. Rxc2 Rxc2 42. g6 Rc6 43. Rd7 Rxg6 44. Rxd5 Kf4+ 45.
Kf1 Ra6 46. Ke2 Ke4 47. Rd7 a4 48. Kd2 Rc6 49. Ra7 Rb6 50. Kc3 Rc6+ 51. Kb4
Rb6+ 52. Ka3 Kd3 53. Rxa4 Kc2 54. Rc4+ Kd3 55. b3 Ra6+ 56. Kb2 Rb6 57. a4 Rb7
58. Rc6 Kd4 59. Ka3 Ra7 60. b4 Rh7 61. b5 Kd5 62. Kb4 Ra7 63. Rc8 Kd6 64. b6
Ra6 65. Kb5 {Normal} 1-0

[Event "Rated Blitz game"]
[Site "?"]
[Date "2021.02.20"]
[Round "?"]
[White "SpeckledBand"]
[Black "ALJoNDro76"]
[Result "1/2-1/2"]
[WhiteElo "2466"]
[BlackElo "2429"]
[PlyCount "71"]
[EventDate "2021.??.??"]
[EventType "blitz"]

1. e4 e5 2. Nf3 d5 3. exd5 e4 4. Qe2 Nf6 5. d3 Qxd5 6. Nc3 Bb4 7. Nd2 Bxc3 8.
bxc3 O-O 9. Nxe4 Qc6 10. Nxf6+ Qxf6 11. Bd2 Nc6 12. Qf3 Re8+ 13. Be2 Qxf3 14.
gxf3 Bh3 15. Rg1 Ne5 16. Be3 Re6 17. Kd2 Rae8 18. Rab1 b6 19. Rb4 Rd6 20. Rd4
Rf6 21. Rg3 Be6 22. a3 c5 23. Rd6 Kf8 24. f4 Ng6 25. Rc6 Nxf4 26. Bf3 Ng6 27.
Rc7 a5 28. Rb7 Bc8 29. Rc7 Ne5 30. Bd5 Be6 31. Be4 Ng6 32. Ke1 Bf5 33. Bd5 Be6
34. Be4 Bf5 35. Bd5 Be6 36. Be4 {Normal} 1/2-1/2

[Event "Rated Blitz game"]
[Site "?"]
[Date "2021.02.20"]
[Round "?"]
[White "sack11"]
[Black "jozzh21"]
[Result "1-0"]
[WhiteElo "2413"]
[BlackElo "2408"]
[PlyCount "65"]
[EventDate "2021.??.??"]
[EventType "blitz"]

1. e4 e5 2. Nf3 d5 3. d4 dxe4 4. Nxe5 Nd7 5. Nc4 Ngf6 6. Nc3 Bb4 7. Bg5 h6 8.
Bh4 g5 9. Bg3 Nd5 10. Qd2 f5 11. Be5 Nxe5 12. Nxe5 Qd6 13. Bc4 Be6 14. O-O
O-O-O 15. a3 Nxc3 16. bxc3 Ba5 17. Bxe6+ Qxe6 18. Qe3 Bb6 19. Qe2 Rd5 20. a4
Rxe5 21. dxe5 Qxe5 22. Rfb1 a5 23. Rb5 Qxc3 24. Rab1 Rd8 25. Rxf5 e3 26. fxe3
Bxe3+ 27. Kh1 Rd2 28. Rf8+ Kd7 29. Qb5+ Ke7 30. Qe8+ Kd6 31. Qd8+ Ke5 32. Qf6+
Ke4 33. Qxc3 {Normal} 1-0

[Event "Rated Blitz tournament 5kSPqkD3"]
[Site "?"]
[Date "2021.02.20"]
[Round "?"]
[White "RoseStone"]
[Black "jflup"]
[Result "0-1"]
[WhiteElo "2543"]
[BlackElo "2444"]
[PlyCount "60"]
[EventDate "2021.??.??"]
[EventType "blitz"]

1. e4 e5 2. Nf3 d5 3. Nxe5 Bd6 4. d4 dxe4 5. Nc4 Be7 6. Be2 Nf6 7. O-O O-O 8.
Nc3 Nc6 9. Be3 Nb4 10. Ne5 Nbd5 11. Nxd5 Nxd5 12. Qd2 f6 13. Nc4 b5 14. Na3 f5
15. c4 bxc4 16. Bxc4 Be6 17. f4 Rb8 18. Nb5 Nxf4 19. Bxf4 Bxc4 20. Bxc7 Qd7 21.
Bxb8 Rxb8 22. Nc3 Bxf1 23. Rxf1 Bf6 24. d5 Be5 25. Qg5 Rxb2 26. Nxe4 Bd4+ 27.
Nf2 Qxd5 28. Qg3 Qc5 29. h3 Bxf2+ 30. Rxf2 Kf7 {Normal} 0-1

[Event "Rated Blitz game"]
[Site "?"]
[Date "2021.02.20"]
[Round "?"]
[White "Poudini"]
[Black "Monkey_King"]
[Result "1-0"]
[WhiteElo "2622"]
[BlackElo "2559"]
[PlyCount "123"]
[EventDate "2021.??.??"]
[EventType "blitz"]

1. e4 e5 2. Nf3 d5 3. exd5 e4 4. Qe2 Nf6 5. d3 Bb4+ 6. Bd2 O-O 7. Bxb4 exf3 8.
Qxf3 Re8+ 9. Kd2 Nxd5 10. Bc5 Nc6 11. Nc3 Nxc3 12. bxc3 Ne5 13. Qf4 Qd5 14. Qd4
Qc6 15. Re1 f6 16. f4 b6 17. Ba3 Nf7 18. Rxe8+ Qxe8 19. Be2 Bb7 20. Re1 Rd8 21.
Bf3 Ne5 22. Rxe5 fxe5 23. Qxe5 Bxf3 24. gxf3 Qf7 25. c4 Re8 26. Qd4 h6 27. Bb2
Kh7 28. a4 Re6 29. Bc3 Rf6 30. Kc1 Rxf4 31. Qe5 Rxf3 32. Kb2 Rf5 33. Qe4 a6 34.
h4 b5 35. axb5 axb5 36. cxb5 Qg6 37. Qb4 Qh5 38. Qe7 Rxb5+ 39. Kc1 Qg6 40. Qxc7
Qg1+ 41. Kd2 Qf2+ 42. Kc1 Qf1+ 43. Kd2 Qg2+ 44. Kc1 Rf5 45. Bd4 Rf1+ 46. Kb2
Rf5 47. Qc4 Qg6 48. Kc3 Rh5 49. Qc7 Rxh4 50. Be5 Rg4 51. d4 h5 52. Kb3 h4 53.
c3 h3 54. d5 Rg2 55. d6 Qc2+ 56. Kb4 Rg4+ 57. Kc5 Qg6 58. d7 Rg5 59. d8=Q h2
60. Qxg5 Qxg5 61. Qd7 h1=Q 62. Qd3+ {Time forfeit} 1-0

[Event "Rated Blitz game"]
[Site "?"]
[Date "2021.02.20"]
[Round "?"]
[White "A_H_Kashefi"]
[Black "Schachelite"]
[Result "0-1"]
[WhiteElo "2397"]
[BlackElo "2429"]
[PlyCount "126"]
[EventDate "2021.??.??"]
[EventType "blitz"]

1. e4 e5 2. Nf3 d5 3. d4 dxe4 4. Nxe5 Bd6 5. Bf4 Nf6 6. Nc3 O-O 7. Bc4 Nbd7 8.
O-O Qe7 9. Nxd7 Bxd7 10. Bg3 Rae8 11. Qe2 Bxg3 12. hxg3 Qd6 13. Rad1 e3 14.
fxe3 Bg4 15. Rf3 Bxf3 16. Qxf3 c6 17. Rf1 b5 18. Bd3 a6 19. g4 Nd5 20. Ne4 Qe7
21. g5 f5 22. gxf6 Nxf6 23. Nxf6+ Rxf6 24. Bxh7+ Kxh7 25. Qh5+ Rh6 26. Qf5+ Kh8
27. Rf3 Qh4 28. Kf1 Qh1+ 29. Kf2 Rf6 30. Qg5 Rxf3+ 31. gxf3 Qh2+ 32. Ke1 Rf8
33. Qg4 Qxc2 34. b4 Qb1+ 35. Kd2 Qxa2+ 36. Kd3 Qf7 37. f4 Qf5+ 38. Qxf5 Rxf5
39. Ke4 Rf6 40. Ke5 Kg8 41. e4 Kf7 42. f5 g6 43. fxg6+ Kxg6 44. d5 cxd5 45.
exd5 Kf7 46. d6 Rf1 47. Kd5 Rc1 48. Ke5 Ke8 49. Ke6 Kd8 50. d7 Rc4 51. Kd6 Rxb4
52. Kc6 Rd4 53. Kb6 Rxd7 54. Ka5 Rb7 55. Kb4 Rb8 56. Ka5 b4 57. Kxa6 b3 58. Ka7
Rb4 59. Ka6 b2 60. Ka5 Rb8 61. Ka6 b1=Q 62. Ka7 Rb2 63. Ka8 Qa1# {Normal} 0-1

[Event "Rated Blitz game"]
[Site "?"]
[Date "2021.02.20"]
[Round "?"]
[White "Nordenback1"]
[Black "Terizlong"]
[Result "0-1"]
[WhiteElo "2580"]
[BlackElo "2478"]
[PlyCount "46"]
[EventDate "2021.??.??"]
[EventType "blitz"]

1. e4 e5 2. Nf3 d5 3. exd5 Bd6 4. d4 e4 5. Ne5 Nf6 6. Bb5+ c6 7. dxc6 bxc6 8.
Bc4 O-O 9. Nc3 Bf5 10. Bg5 h6 11. Bh4 Nbd7 12. Nxd7 Qxd7 13. Bxf6 gxf6 14. Qh5
Kh7 15. h3 Bg6 16. Qh4 f5 17. O-O Be7 18. Qf4 Qxd4 19. Bb3 Bd6 20. Qe3 Qf6 21.
f4 Bh5 22. Kh2 Rg8 23. g4 Bxg4 {Normal} 0-1

[Event "Rated Blitz game"]
[Site "?"]
[Date "2021.02.20"]
[Round "?"]
[White "Ratbel"]
[Black "Kaldas90"]
[Result "1/2-1/2"]
[WhiteElo "2440"]
[BlackElo "2551"]
[PlyCount "94"]
[EventDate "2021.??.??"]
[EventType "blitz"]

1. e4 e5 2. Nf3 d5 3. Nxe5 Bd6 4. d4 dxe4 5. Bc4 Bxe5 6. dxe5 Qxd1+ 7. Kxd1 Nc6
8. Bf4 Bg4+ 9. Kc1 Nge7 10. Bb5 O-O-O 11. Nc3 Ng6 12. Bg5 Rde8 13. Bxc6 Rxe5
14. Bxe4 Rxg5 15. Bxg6 hxg6 16. Ne4 Re5 17. f3 Bf5 18. Ng3 Rxh2 19. Rxh2 Re1+
20. Kd2 Rxa1 21. Nxf5 gxf5 22. Rh7 Kd7 23. Rxg7 Ke6 24. a3 a5 25. Rg8 a4 26.
Rc8 c6 27. Rc7 Rg1 28. Rxb7 Rxg2+ 29. Kd3 Rf2 30. Rb6 Kd5 31. Ra6 f4 32. Rxa4
Rxf3+ 33. Ke2 Re3+ 34. Kf2 Rh3 35. Rxf4 Rh2+ 36. Ke3 Rxc2 37. Rxf7 Rxb2 38. a4
Kc4 39. Rf4+ Kc3 40. Rf5 Kc4 41. Rf4+ Kb3 42. Kd3 c5 43. Rc4 Ra2 44. Rxc5 Rxa4
45. Rc3+ Kb4 46. Rc4+ Kb5 47. Rxa4 Kxa4 {Normal} 1/2-1/2

[Event "Rated Blitz game"]
[Site "?"]
[Date "2021.02.20"]
[Round "?"]
[White "Mandarin-04"]
[Black "DarthZannah"]
[Result "1-0"]
[WhiteElo "2511"]
[BlackElo "2509"]
[PlyCount "135"]
[EventDate "2021.??.??"]
[EventType "blitz"]

1. e4 e5 2. Nf3 d5 3. d4 dxe4 4. Nxe5 Nd7 5. Nc4 Nb6 6. Ne3 f5 7. g3 Nf6 8. c4
Be7 9. Nc3 O-O 10. Be2 c6 11. Ng2 Be6 12. b3 Qd7 13. O-O Rad8 14. Be3 Bf7 15.
a4 a5 16. Rc1 Nc8 17. Qc2 Qc7 18. Rfd1 Bh5 19. Nf4 Bxe2 20. Qxe2 Kf7 21. d5
cxd5 22. cxd5 Qe5 23. Bd4 Qb8 24. Ne6 Rfe8 25. Nxd8+ Rxd8 26. Bxf6 Bxf6 27.
Qh5+ g6 28. Qxh7+ Bg7 29. Qh4 Ne7 30. Nb5 Rxd5 31. Rxd5 Nxd5 32. Rd1 Nf6 33.
Nd6+ Ke6 34. Qg5 Bf8 35. Nc4 Qe8 36. Qe3 Qc6 37. Qb6 Qxb6 38. Nxb6 Bc5 39. Nc4
b6 40. Kg2 Nd5 41. f3 e3 42. Re1 Kd7 43. f4 Kc6 44. Kf3 b5 45. Ne5+ Kb6 46.
Nxg6 Bb4 47. Rxe3 Nxe3 48. Kxe3 bxa4 49. bxa4 Kc6 50. Kd3 Kd5 51. h4 Ke6 52.
Ke3 Bc5+ 53. Kf3 Bb4 54. h5 Kf6 55. g4 fxg4+ 56. Kxg4 Bd2 57. Nh4 Bc3 58. Nf3
Ke6 59. Kg5 Kf7 60. h6 Bb2 61. Kh5 Bc3 62. Ng5+ Kg8 63. Kg6 Kh8 64. f5 Kg8 65.
f6 Kf8 66. h7 Bxf6 67. Kxf6 Ke8 68. h8=Q+ {Normal} 1-0

[Event "Rated Blitz game"]
[Site "?"]
[Date "2021.02.20"]
[Round "?"]
[White "maexpower"]
[Black "ALJoNDro76"]
[Result "1-0"]
[WhiteElo "2267"]
[BlackElo "2406"]
[PlyCount "41"]
[EventDate "2021.??.??"]
[EventType "blitz"]

1. e4 e5 2. Nf3 d5 3. Nxe5 dxe4 4. d4 Bd6 5. Bf4 Bf5 6. Bc4 Bg6 7. O-O Nf6 8.
Nc3 Nbd7 9. Re1 Nb6 10. Bb3 Bb4 11. Nxg6 hxg6 12. Nxe4 Bxe1 13. Nxf6+ Qxf6 14.
Qxe1+ Kd7 15. Qd2 Rae8 16. a4 Kc8 17. a5 Nd7 18. a6 b6 19. Bg3 Re4 20. Qc3 Rhe8
21. Qxc7# {Normal} 1-0

[Event "Rated Blitz game"]
[Site "?"]
[Date "2021.02.20"]
[Round "?"]
[White "checkmamy"]
[Black "jozzh21"]
[Result "1-0"]
[WhiteElo "2396"]
[BlackElo "2436"]
[PlyCount "105"]
[EventDate "2021.??.??"]
[EventType "blitz"]

1. e4 e5 2. Nf3 d5 3. exd5 e4 4. Qe2 Be7 5. Qxe4 Nf6 6. Qa4+ c6 7. dxc6 O-O 8.
Be2 Nxc6 9. O-O Re8 10. Nc3 Bc5 11. d4 Nxd4 12. Nxd4 Qxd4 13. Qxd4 Bxd4 14. Bb5
Bd7 15. Bxd7 Nxd7 16. Bd2 Ne5 17. Rfe1 Nc4 18. Rxe8+ Rxe8 19. Be1 Nxb2 20. Rb1
b6 21. Kf1 Nc4 22. Nb5 Bc5 23. Nxa7 Ra8 24. Rd1 Nd6 25. Nc6 f6 26. Bb4 Bxb4 27.
Nxb4 Nc4 28. Rd4 Rc8 29. h3 Na3 30. Rd6 Nxc2 31. Nd5 Ra8 32. Rxb6 Rxa2 33. g4
Kf7 34. Rb7+ Kg6 35. Nf4+ Kg5 36. Ne6+ Kg6 37. Rxg7+ Kh6 38. f4 Ne3+ 39. Kg1
Rg2+ 40. Kh1 Rg3 41. g5+ fxg5 42. fxg5+ Kh5 43. Rxh7+ Kg6 44. Rh6+ Kf5 45. h4
Kg4 46. Nd4 Kh3 47. Ne2 Rg4 48. Re6 Nf1 49. Ng1+ Kxh4 50. Nf3+ Kg3 51. Kg1 Ne3
52. Rxe3 Kf4+ 53. Kf2 {Time forfeit} 1-0

[Event "Rated Blitz tournament 5kSPqkD3"]
[Site "?"]
[Date "2021.02.20"]
[Round "?"]
[White "jamomo"]
[Black "jflup"]
[Result "0-1"]
[WhiteElo "2260"]
[BlackElo "2458"]
[PlyCount "58"]
[EventDate "2021.??.??"]
[EventType "blitz"]

1. e4 e5 2. Nf3 d5 3. Nxe5 Bd6 4. Nxf7 Kxf7 5. Qh5+ Kf8 6. Qxd5 Nf6 7. Qc4 Qe7
8. Nc3 Be6 9. Qb5 Bd7 10. Qxb7 Bc6 11. Qc8+ Qe8 12. Qxe8+ Kxe8 13. d3 Nbd7 14.
f4 Bc5 15. Be2 a5 16. g4 h6 17. h4 a4 18. g5 hxg5 19. fxg5 Nh5 20. Rh3 Rb8 21.
b3 Bd4 22. Bd2 Nf4 23. Rh2 Rxh4 24. Rxh4 Ng2+ 25. Kf1 Nxh4 26. Re1 Ke7 27. Bg4
Ne5 28. Bf5 g6 29. Bh3 Nhf3 {Time forfeit} 0-1

[Event "Rated Blitz game"]
[Site "?"]
[Date "2021.02.20"]
[Round "?"]
[White "ArieWerksma"]
[Black "Schachelite"]
[Result "1-0"]
[WhiteElo "2387"]
[BlackElo "2425"]
[PlyCount "71"]
[EventDate "2021.??.??"]
[EventType "blitz"]

1. e4 e5 2. Nf3 d5 3. exd5 e4 4. Qe2 Nf6 5. Nc3 Be7 6. Nxe4 O-O 7. d3 Re8 8.
Be3 Nxd5 9. O-O-O f5 10. Kb1 fxe4 11. dxe4 Nc3+ 12. bxc3 Nd7 13. Qc4+ Kh8 14.
Ne5 Nxe5 15. Rxd8 Bxd8 16. Qb3 Be6 17. Qb5 Bf6 18. Bd4 c6 19. Qe2 c5 20. Bxc5
Rac8 21. Bd4 Bc4 22. Qd1 Red8 23. Bxc4 Nxc4 24. Re1 Na3+ 25. Kb2 Nb5 26. e5 Be7
27. a4 Nxc3 28. Bxc3 Rxd1 29. Rxd1 Kg8 30. Rd7 Bc5 31. f4 b6 32. f5 Kf8 33. e6
g6 34. g4 Bg1 35. Rxh7 Rc4 36. f6 {Normal} 1-0

[Event "Rated Blitz game"]
[Site "?"]
[Date "2021.02.20"]
[Round "?"]
[White "Elretornodelmore"]
[Black "jozzh21"]
[Result "0-1"]
[WhiteElo "2594"]
[BlackElo "2431"]
[PlyCount "40"]
[EventDate "2021.??.??"]
[EventType "blitz"]

1. e4 e5 2. Nf3 d5 3. d4 dxe4 4. Nxe5 Nd7 5. Qe2 Ngf6 6. Nc3 Bb4 7. Qc4 Qe7 8.
Bf4 c6 9. Be2 Nd5 10. Bg3 Bxc3+ 11. bxc3 Nxe5 12. Bxe5 f6 13. Bg3 Be6 14. Qb3
Nf4 15. c4 Nxe2 16. Kxe2 b5 17. Qc3 Bxc4+ 18. Ke1 O-O 19. Kd2 f5 20. Be5 Qg5+ {
Normal} 0-1

[Event "Rated Blitz tournament TmRM1Lci"]
[Site "?"]
[Date "2021.02.20"]
[Round "?"]
[White "CATORCE"]
[Black "Terizlong"]
[Result "0-1"]
[WhiteElo "2225"]
[BlackElo "2493"]
[PlyCount "80"]
[EventDate "2021.??.??"]
[EventType "blitz"]

1. e4 e5 2. Nf3 d5 3. d4 dxe4 4. Nxe5 Bd6 5. Bc4 Bxe5 6. Qh5 Qe7 7. Qxe5 Qxe5
8. dxe5 Nc6 9. Bd5 Nge7 10. Bxe4 Bf5 11. Bxf5 Nxf5 12. O-O O-O-O 13. Re1 Nfd4
14. Na3 Nb4 15. Bg5 Ndxc2 16. Nxc2 Nxc2 17. Bxd8 Rxd8 18. Rac1 Nxe1 19. Rxe1
Rd2 20. Rb1 Kd7 21. f4 c5 22. h3 Kc6 23. Kh2 Kd5 24. Kg3 a5 25. Kf3 b5 26. a3
a4 27. h4 g6 28. h5 c4 29. hxg6 hxg6 30. g3 Kd4 31. g4 Kd3 32. f5 Kc2 33. Re1
Kxb2 34. e6 fxe6 35. fxe6 Rd8 36. Kf4 c3 37. Kg5 Rg8 38. e7 c2 39. Kf6 Kxa3 40.
Kf7 Rc8 {Time forfeit} 0-1

[Event "Rated Blitz game"]
[Site "?"]
[Date "2021.02.20"]
[Round "?"]
[White "Lavi12"]
[Black "lavilaine"]
[Result "0-1"]
[WhiteElo "2405"]
[BlackElo "2332"]
[PlyCount "80"]
[EventDate "2021.??.??"]
[EventType "blitz"]

1. e4 e5 2. Nf3 d5 3. Nxe5 Qe7 4. d4 f6 5. Ng4 dxe4 6. Ne3 Be6 7. c4 Nd7 8. Nc3
O-O-O 9. d5 Ne5 10. Qb3 Bg4 11. Nxe4 f5 12. d6 cxd6 13. Nd5 Qe8 14. Be3 Nc6 15.
Nec3 Nf6 16. Bd3 Nxd5 17. Nxd5 f4 18. Nxf4 g5 19. Nd5 Bg7 20. O-O Qh5 21. Rfe1
Be5 22. g3 Bf3 23. Bf1 Nd4 24. Bxd4 Bxd4 25. Qd3 Bxf2+ 26. Kxf2 Qxh2+ 27. Kxf3
Rhf8+ 28. Nf4 gxf4 29. g4 Qg3+ 30. Ke2 Rde8+ 31. Kd2 Re3 32. Rxe3 fxe3+ 33.
Qxe3 Rf2+ 34. Be2 Qh2 35. Rf1 Rxf1 36. Qe8+ Kc7 37. Qe7+ Kc6 38. Qe4+ Kc5 39.
Qd4+ Kc6 40. Qd5+ Kd7 {Time forfeit} 0-1

[Event "Rated Blitz game"]
[Site "?"]
[Date "2021.02.20"]
[Round "?"]
[White "patrickoana"]
[Black "Schachelite"]
[Result "0-1"]
[WhiteElo "2330"]
[BlackElo "2423"]
[PlyCount "30"]
[EventDate "2021.??.??"]
[EventType "blitz"]

1. e4 e5 2. Nf3 d5 3. Nxe5 Bd6 4. d4 dxe4 5. Bc4 Bxe5 6. dxe5 Qxd1+ 7. Kxd1 Nc6
8. Bf4 Nge7 9. Nc3 Ng6 10. g3 Ncxe5 11. Bb5+ c6 12. Ba4 Bg4+ 13. Kd2 O-O-O+ 14.
Ke3 Nc4+ 15. Kxe4 Rhe8+ {Normal} 0-1

[Event "Rated Blitz game"]
[Site "?"]
[Date "2021.02.20"]
[Round "?"]
[White "OJoe44"]
[Black "Schachelite"]
[Result "0-1"]
[WhiteElo "2480"]
[BlackElo "2417"]
[PlyCount "114"]
[EventDate "2021.??.??"]
[EventType "blitz"]

1. e4 e5 2. Nf3 d5 3. Nxe5 Bd6 4. d4 dxe4 5. Bc4 Bxe5 6. dxe5 Qxd1+ 7. Kxd1 Nc6
8. Bf4 Nge7 9. Re1 Ng6 10. Rxe4 Bf5 11. Re3 O-O-O+ 12. Kc1 Nxf4 13. Rf3 Bg4 14.
Nd2 Bxf3 15. Nxf3 Nxe5 16. Nxe5 Rhe8 17. Nf3 Ne2+ 18. Bxe2 Rxe2 19. b3 Rxf2 20.
Kb2 Rxg2 21. Re1 Rf2 22. Re3 f6 23. a4 b6 24. Kc3 a5 25. Nd4 Rxd4 26. Kxd4 Rxh2
27. c3 Rh4+ 28. Kd3 Rg4 29. Re7 h5 30. Re8+ Kb7 31. Rh8 h4 32. Rh5 g5 33. Rh6
f5 34. Ke3 Rg3+ 35. Kd4 h3 36. b4 axb4 37. cxb4 g4 38. a5 bxa5 39. bxa5 Ra3 40.
Ke5 Rxa5+ 41. Kf4 Rd5 42. Kg3 c6 43. Rf6 Kb6 44. Rf8 Kc5 45. Rb8 Kc4 46. Kh2 c5
47. Rb1 Rd3 48. Rc1+ Kd4 49. Rf1 Ke4 50. Rc1 Rd5 51. Re1+ Kf4 52. Rf1+ Kg5 53.
Re1 Rd2+ 54. Kg1 g3 55. Ra1 c4 56. Rc1 c3 57. Kf1 h2 {Normal} 0-1

[Event "Rated Blitz game"]
[Site "?"]
[Date "2021.02.20"]
[Round "?"]
[White "BughouseKnight"]
[Black "Monkey_King"]
[Result "0-1"]
[WhiteElo "2465"]
[BlackElo "2566"]
[PlyCount "52"]
[EventDate "2021.??.??"]
[EventType "blitz"]

1. e4 e5 2. Nf3 d5 3. Nxe5 dxe4 4. d4 Bd6 5. Nc4 f5 6. Nc3 Nf6 7. Nxd6+ Qxd6 8.
Nb5 Qd7 9. Bc4 Nd5 10. Bxd5 Qxb5 11. c4 Qd7 12. Qh5+ g6 13. Qg5 c6 14. Qf6 Rf8
15. Qe5+ Qe7 16. Qg3 cxd5 17. O-O Be6 18. Bg5 Qd7 19. c5 Nc6 20. a3 Nxd4 21.
Kh1 f4 22. Qh4 f3 23. g3 Bh3 24. Rfe1 Ne2 25. Rxe2 fxe2 26. Re1 Rxf2 {Normal}
0-1

[Event "Rated Blitz game"]
[Site "?"]
[Date "2021.02.20"]
[Round "?"]
[White "SchwarzWolf"]
[Black "annaly1979"]
[Result "1-0"]
[WhiteElo "2400"]
[BlackElo "2326"]
[PlyCount "63"]
[EventDate "2021.??.??"]
[EventType "blitz"]

1. e4 e5 2. Nf3 d5 3. exd5 e4 4. Qe2 f5 5. d3 Nf6 6. Nc3 Bb4 7. dxe4 Bxc3+ 8.
bxc3 fxe4 9. c4 O-O 10. Nd4 c5 11. Nb3 Bf5 12. Bb2 Re8 13. h3 Nbd7 14. g3 a5
15. Bg2 a4 16. Nd2 e3 17. fxe3 Qc7 18. O-O Qxg3 19. Rxf5 Rxe3 20. Qf2 Rae8 21.
Nf1 Qxf2+ 22. Rxf2 Re2 23. Bxf6 Nxf6 24. Bf3 R2e5 25. Nd2 Re3 26. Kf1 Rc3 27.
Rc1 Ree3 28. Bg2 Nh5 29. d6 Ng3+ 30. Kg1 Ne2+ 31. Kh2 Nxc1 32. Bd5+ {Normal}
1-0

[Event "Rated Blitz game"]
[Site "?"]
[Date "2021.02.20"]
[Round "?"]
[White "dragisapostic45"]
[Black "ALJoNDro76"]
[Result "1-0"]
[WhiteElo "2590"]
[BlackElo "2484"]
[PlyCount "57"]
[EventDate "2021.??.??"]
[EventType "blitz"]

1. e4 e5 2. Nf3 d5 3. Nxe5 dxe4 4. Bc4 Qg5 5. d4 Qxg2 6. Bxf7+ Ke7 7. Rf1 Nc6
8. Bc4 Nf6 9. Bf4 Bh3 10. Nd2 Nxd4 11. c3 Ne6 12. Bg3 Rd8 13. Qa4 e3 14. Ndf3
Ng4 15. Bh4+ Nf6 16. Rg1 exf2+ 17. Bxf2 Ne4 18. Rxg2 Bxg2 19. Bh4+ g5 20. Nxg5
N6xg5 21. Bxg5+ Nxg5 22. Rd1 Rxd1+ 23. Kxd1 Bh3 24. Qb5 Kf6 25. Nd7+ Bxd7 26.
Qxd7 Bd6 27. h4 Nf3 28. Qf7+ Ke5 29. Qg7+ {Normal} 1-0

[Event "Rated Blitz game"]
[Site "?"]
[Date "2021.02.20"]
[Round "?"]
[White "Yeknafar"]
[Black "annaly1979"]
[Result "0-1"]
[WhiteElo "2403"]
[BlackElo "2375"]
[PlyCount "84"]
[EventDate "2021.??.??"]
[EventType "blitz"]

1. e4 e5 2. Nf3 d5 3. Nxe5 Qe7 4. d4 f6 5. Nd3 Nc6 6. c3 Bf5 7. Be2 Bxe4 8. O-O
Qf7 9. Bf4 O-O-O 10. Nd2 Bf5 11. Bg4 Nge7 12. Nc5 h5 13. Bxf5+ Nxf5 14. Qb3
Bxc5 15. dxc5 g5 16. Be3 Rhe8 17. Rae1 h4 18. Nf3 Qg6 19. Nd4 Nfxd4 20. Bxd4 h3
21. g3 Re4 22. f3 Rxe1 23. Rxe1 Re8 24. Qd1 Rxe1+ 25. Qxe1 Qc2 26. Qf1 Qxb2 27.
Qxh3+ Kd8 28. Bxf6+ Ne7 29. Qe6 Qb1+ 30. Kg2 Qc2+ 31. Kh3 Qh7+ 32. Kg4 c6 33.
Qxe7+ Qxe7 34. Bxe7+ Kxe7 35. Kxg5 b6 36. h4 bxc5 37. h5 d4 38. Kf4 c4 39. Ke4
dxc3 40. g4 c2 41. h6 Kf6 42. h7 Kg7 {Normal} 0-1

[Event "Rated Blitz game"]
[Site "?"]
[Date "2021.02.19"]
[Round "?"]
[White "z2win"]
[Black "Fantastic_power06"]
[Result "0-1"]
[WhiteElo "2389"]
[BlackElo "2543"]
[PlyCount "42"]
[EventDate "2021.??.??"]
[EventType "blitz"]

1. e4 e5 2. Nf3 d5 3. d4 dxe4 4. Nxe5 Bd6 5. Nc4 Nc6 6. c3 Bf5 7. Be2 Nf6 8.
Bg5 h6 9. Bh4 g5 10. Nxd6+ Qxd6 11. Bg3 Qe7 12. O-O O-O-O 13. Nd2 h5 14. h4 Ng4
15. hxg5 e3 16. Nc4 Qxg5 17. Bf3 h4 18. Bh2 exf2+ 19. Kh1 Nxh2 20. Kxh2 Qg3+
21. Kh1 h3 {Normal} 0-1

[Event "Rated Blitz game"]
[Site "?"]
[Date "2021.02.19"]
[Round "?"]
[White "WaldekM96"]
[Black "RiskyBlitzer"]
[Result "0-1"]
[WhiteElo "2364"]
[BlackElo "2433"]
[PlyCount "110"]
[EventDate "2021.??.??"]
[EventType "blitz"]

1. e4 e5 2. Nf3 d5 3. exd5 e4 4. Ne5 Qxd5 5. d4 exd3 6. Nxd3 Nf6 7. Nc3 Qd8 8.
Be2 Bd6 9. Bg5 a6 10. Ne4 Be7 11. Ng3 c6 12. O-O O-O 13. c3 Qa5 14. h4 h6 15.
Bd2 Qc7 16. f4 Rd8 17. Qc1 Ng4 18. Bxg4 Bxg4 19. Ne5 Bxh4 20. Nxg4 Bxg3 21. Be3
Re8 22. Bd4 c5 23. Be5 Qb6 24. Qe3 Bh4 25. Qf3 Nd7 26. Kh1 f6 27. Qh3 fxe5 28.
Qxh4 e4 29. f5 Nf6 30. Ne3 Rad8 31. Rf2 Rd3 32. Re1 Qc6 33. Qf4 Red8 34. Nc4
Rd1 35. Rxd1 Rxd1+ 36. Kh2 Qe8 37. g4 e3 38. Nxe3 Qxe3 39. Qxe3 Nxg4+ 40. Kg3
Nxe3 41. Re2 Nxf5+ 42. Kf4 Nd6 43. Ke5 Nf7+ 44. Ke6 h5 45. Rh2 Rd6+ 46. Kf5 Rh6
47. c4 h4 48. b3 h3 49. Kg4 g5 50. Kf5 Rh4 51. Kg6 g4 52. Re2 Kf8 53. Rf2 Rh6+
54. Kf5 g3 55. Rf3 g2 {Normal} 0-1